Entraineur des Canadiens de Montréal - Statistiques

Statistiques générales
  • Ce quiz a été pris 14 fois
  • Le résultat moyen est 12 sur 42
Statistiques - réponses
Hint Réponse % Correct
2022- Martin St-Louis
100%
2017-2021 Claude Julien
67%
1997-2000 Alain Vigneault
58%
2003-2006 Claude Julien
58%
2021-2022 Dominique Ducharme
58%
2012-2017 Michel Therrien
58%
1971-1979 Scotty Bowman
58%
2006-2009 Guy Carbonneau
50%
1992-1995 Jacques Demers
50%
2000-2003 Michel Therrien
50%
1984-1985 Jacques Lemaire
42%
2009-2011 Jacques Martin
42%
1985-1988 Jean Perron
42%
1995-1997 Mario Tremblay
42%
1988-1992 Pat Burns
42%
1955-1968 Toe Blake
42%
2006 Bob Gainey
33%
2009 Bob Gainey
33%
2011-2012 Randy Cunneyworth
33%
1979 Bernie Geoffrion
17%
1981-1984 Bob Berry
17%
1968-1970 Claude Ruel
17%
1979-1981 Claude Ruel
17%
1940-1955 Dick Irvin
17%
1939-1940 Alfred Lépine
8%
1970-1971 Al MacNeil
8%
1926-1932 Cecil Hart
8%
1936-1938 Cecil Hart
8%
1938-1939 Cecil Hart
8%
1909-1910 Jack Laviolette
8%
1913-1915 Jimmy Gardner
8%
1909-1910 Joe Cattarinich
8%
1938-1939 Jules Dugal
8%
1921-1926 Léo Dandurand
8%
1934-1935 Léo Dandurand
8%
1911-1913 Napoléon Dorval
8%
1915-1921 Newsy Lalonde
8%
1932-1934 Newsy Lalonde
8%
1934-1935 Newsy Lalonde
8%
1911 Adolphe Lecours
0%
1939 Albert Siebert
0%
1935-1936 Sylvio Mantha
0%
Aucun quiz correspondant
Distribution des résultats
% des personnes avec chaque résultat
Percentile par nombre de réponses
Votre historique - résultats
Vous n’avez pas pris ce quiz